| 000 | 00447nam a2200133Ia 4500 | ||
|---|---|---|---|
| 008 | 220217s9999 xx 000 0 und d | ||
| 100 | _aReeta Davis | ||
| 245 | 0 | _aEffect of technically specified rubber (TSR) effluent on soil microbial properties and plant growth characteristics | |
| 260 |
_bMahatma Gandhi University _a Kottayam _c2002 |
||
| 500 | _aAvailable in Pathology | ||
| 500 | _aCourse: M.Sc. | ||
| 700 | _aDr Jacob Mathew | ||
| 942 | _cTS | ||
| 999 |
_c74308 _d74308 |
||